| 000 | 00547ntaaa2200193 4500 | ||
|---|---|---|---|
| 003 | 01 | ||
| 005 | 20251027201137.0 | ||
| 008 | 0714s1973 ag 01 | ||
| 040 |
_aAR-BaBN _bspa _cAR-BaBN _eaacr _dRIC |
||
| 082 | _a220.01 An2 | ||
| 100 | _aAnderson, Bernhard W. | ||
| 245 |
_aRediscovering the Bible / _cBernhard W. Anderson |
||
| 250 | _a1 ed. | ||
| 260 |
_aNY : _bAssociation Press, _cc1951 |
||
| 300 | _axiii, 272 p. | ||
| 500 | _a"Descubriendo la Biblia de Nuevo" (Introducción bíblica) | ||
| 650 |
_aBiblia-Introducción _9229 |
||
| 942 | _cBK | ||
| 999 |
_c5673 _d5673 |
||